Pokémon nach hoher Spezial-Verteidigung - Statistiken

Allgemein
  • Dieses Quiz wurde 17 mal gespielt
  • Das Durchschnittsergebnis liegt bei 121 aus 207
Antwortstatistiken
Basiswert Pokémon % Korrekt
105 Chaneira
100%
120 Cresselia
100%
160 Deoxys (Verteidigungsform)
100%
110 Galar-Laschoking
100%
135 Heiteira
100%
150 Hisui-Viscogon
100%
140 Kyogre
100%
110 Laschoking
100%
110 Mega-Metagross
100%
100 Mega-Mewtu X
100%
120 Mega-Mewtu Y
100%
100 Mew
100%
160 Proto-Kyogre
100%
200 Regice
100%
130 Selfe
100%
150 Viscogon
100%
125 Arktos
80%
138 Bollterus
80%
100 Celebi
80%
100 Despotar
80%
100 Dialga
80%
120 Dialga (Urform)
80%
150 Diancie
80%
100 Dragoran
80%
105 Echnatoll
80%
130 Entfesseltes Hoopa
80%
115 Galagladi
80%
100 Galar-Arktos
80%
125 Galar-Lavados
80%
130 Gebanntes Hoopa
80%
100 Giratina (Urform)
80%
120 Giratina (Wandelform)
80%
105 Grandiras
80%
115 Guardevoir
80%
154 Ho-Oh
80%
100 Jirachi
80%
130 Latias
80%
110 Latios
80%
154 Lugia
80%
107 Lunala
80%
115 Magearna
80%
100 Manaphy
80%
120 Mega-Despotar
80%
110 Mega-Diancie
80%
115 Mega-Galagladi
80%
135 Mega-Guardevoir
80%
150 Mega-Latias
80%
120 Mega-Latios
80%
100 Meganie
80%
100 Mega-Rayquaza
80%
105 Mega-Simsala
80%
110 Mega-Sumpex
80%
128 Meloetta (Gesangsform)
80%
110 Morbitesse
80%
101 Muramura
80%
109 Necrozma (Abendmähne)
80%
127 Necrozma (Morgenschwingen)
80%
105 Oghnatoll
80%
120 Palkia
80%
120 Palkia (Urform)
80%
230 Pottrott
80%
116 Primarene
80%
100 Raikou
80%
110 Regigigas
80%
100 Regirock
80%
150 Registeel
80%
110 Relaxo
80%
120 Reshiram
80%
100 Shaymin (Landform)
80%
100 Silvarro
80%
115 Suicune
80%
105 Vesprit
80%
100 Weißes Kyurem
80%
115 Zamazenta (Heldenhafter Krieger)
80%
140 Zamazenta (König des Schildes)
80%
100 Zekrom
80%
105 Altaria
60%
131 Anego
60%
120 Arceus
60%
100 Bisaflor
60%
116 Bronzong
60%
100 | 130 Coronospa (Rappenreiter)
60%
131 Cosmovum
60%
100 Cupidos (Tiergeistform)
60%
140 Durengard (Schildform)
60%
130 Feelinara
60%
100 Fennexis
60%
110 Flamara
60%
154 Florges
60%
107 Frost-Rotom
60%
100 Garados
60%
130 Gorgasonn
60%
130 Gufa
60%
106 Heatran
60%
113 Hisui-Viscargot
60%
107 Hitze-Rotom
60%
101 Impoleon
60%
101 Kaguron
60%
120 Kecleon
60%
100 Koraidon
60%
135 Lusardin (Schwarmform)
60%
105 Mega-Altaria
60%
110 Mega-Ampharos
60%
120 Mega-Bisaflor
60%
130 Mega-Garados
60%
115 Mega-Glurak Y
60%
126 Mega-Ohrdoch
60%
100 Mega-Scherox
60%
105 Mega-Skaraborn
60%
115 Mega-Turtok
60%
115 Mega-Zobiris
60%
125 Milotic
60%
115 Miraidon
60%
130 Nachtara
60%
110 Polaross
60%
107 Schneid-Rotom
60%
123 Tandrak
60%
110 Terapagos (Stellarform)
60%
110 Terapagos (Terakristall-Form)
60%
115 Togekiss
60%
105 Turtok
60%
250 Unendynamax-Endynalos
60%
100 Victini
60%
129 Viridium
60%
113 Viscargot
60%
107 Wasch-Rotom
60%
107 Wielie
60%
107 Wirbel-Rotom
60%
115 Zacian (Heldenhafter Krieger)
60%
115 Zacian (König des Schwertes)
60%
100 Alola-Vulnona
40%
105 Apoquallyp
40%
132 Aranestro
40%
125 Beatori
40%
100 Blubella
40%
105 Burmadame (Pflanzenumhang)
40%
105 Cavalanzas
40%
110 Curelei
40%
135 Flatterhaar
40%
128 Floette (Ewigblütler)
40%
102 Honweisel
40%
115 Hypno
40%
115 Irokex
40%
110 Kapoera
40%
100 Kappalores
40%
115 Kapu-Fala
40%
130 Kapu-Kime
40%
110 Kicklee
40%
110 Kommandutan
40%
110 Ledian
40%
120 Lepumentas
40%
140 Mantax
40%
105 Mega-Camerupt
40%
100 Mega-Kangama
40%
105 Mega-Rexblisar
40%
100 Meteno (Meteorform)
40%
105 Mimigma
40%
110 Nockchan
40%
100 Pantifrost
40%
120 Pantimos
40%
100 Quaxo
40%
105 Ramoth
40%
150 Rocara
40%
105 Roserade
40%
105 Servol ♀
40%
103 Silembrim
40%
100 Tentacha
40%
100 Tentagra
40%
120 Tenterra
40%
120 Tentoxa
40%
105 Togetic
40%
105 Traunmagil
40%
150 Voluminas
40%
100 Vulnona
40%
120 Yuyu
40%
135 Zwirrfinst
40%
130 Zwirrklop
40%
142 Aggrostella
20%
100 Alola-Sleimok
20%
115 Brüllschweif
20%
135 Chongjian
20%
101 Donnersichel
20%
108 Eisenblatt
20%
110 Eisenfalter
20%
108 Eisenfels
20%
108 Eisenhaupt
20%
105 Flampivian (Trance-Modus)
20%
135 Frigometri
20%
100 Galar-Corasonn
20%
105 Granforgita
20%
110 Groink
20%
117 Kinoso (Sonnenform)
20%
105 Kriechflügel
20%
108 Kryppuk
20%
100 Lamellux
20%
120 Mantirps
20%
114 Mortipot
20%
109 Olithena
20%
121 Pokusan
20%
100 Sleimok
20%
116 Tentantel
20%
100 Azugladis
0%
120 Cottomi
0%
120 Maritellit
0%
100 Skarabaks
0%
100 Suelord
0%
Keine übereinstimmenden Quizze gefunden
Verteilung der Resultate
Anzahl Personen mit jedem Resultat
Perzentil nach korrekt beantworteten Fragen
Ihre Resultats-Entwicklung
Sie haben dieses Quiz noch nicht gespielt